| 000 | 00492nam a22001817a 4500 | ||
|---|---|---|---|
| 003 | CEME | ||
| 005 | 20210628202513.0 | ||
| 008 | 210121b xxu||||| |||| 00| 0 eng d | ||
| 020 | _a0-330-34476-5 | ||
| 040 | _cceme | ||
| 082 | _a658.314 | ||
| 100 |
_aAdair , John _960203 |
||
| 245 | _aEffective motivation, how to get extraordinary results from everyone | ||
| 260 |
_aLONDON _bPAN BOOKS _c1996 |
||
| 300 | _aIX,244P | ||
| 650 |
_aMOTIVATION.MOTIVATING PEOPLE _918031 |
||
| 942 |
_cBK _2ddc |
||
| 999 |
_c569995 _d569995 |
||